00522 a2200169 4500245004000000020001800040250001400058100001500072650001500087005001700102260004900119084002300168300005200191500002600243490006800269999001500337 aA glossary of literary termshprint a9787303131150 aDi 1 ban. aM H Abrams aliterature20191017172902.0 accbBeijing shi fan da xue chu ban shec2011 aPN879.C5 B523 2011 a2, 21, 519 p. b 25 cm.c2, 21, 519 p. ; 25 cm. aYin Jianmin zhu bian. aShandong Sheng she hui ke xue gui hua yan jiu xiang mu wen cong c9503d9503